Future qualification and skills needs in the construction sector (Record no. 120843)

MARC details
000 -LEADER
fixed length control field 01019cad a22002055a 4500
001 - CONTROL NUMBER
control field L149690
008 - FIXED-LENGTH DATA ELEMENTS--GENERAL INFORMATION
fixed length control field 100409u2010 xxk g 000 0 eng d
035 ## - SYSTEM CONTROL NUMBER
System control number (Sirsi) u149690
041 0# - LANGUAGE CODE
Language code of text/sound track or separate title eng
050 ## - LIBRARY OF CONGRESS CALL NUMBER
Classification number 338.4569 $2 18
110 2# - MAIN ENTRY--CORPORATE NAME
Corporate name or jurisdiction name as entry element Danish Technological Institute
9 (RLIN) 5837
245 00 - TITLE STATEMENT
Title Future qualification and skills needs in the construction sector
260 ## - PUBLICATION, DISTRIBUTION, ETC.
Place of publication, distribution, etc. Taastrup
Name of publisher, distributor, etc. Danish Technological Institute
Date of publication, distribution, etc. 2009
520 ## - SUMMARY, ETC.
Summary, etc. Study analysing the future needs for skills and competencies in the construction sector across Europe; training needs; skills shortages; how the sector will embrace new technology and innovations to develop its competitiveness.
590 ## - LOCAL NOTE (RLIN)
Local note KA NTK
651 #4 - SUBJECT ADDED ENTRY--GEOGRAPHIC NAME
Geographic name Europe
690 ## - LOCAL SUBJECT ADDED ENTRY--TOPICAL TERM (OCLC, RLIN)
Topical term or geographic name as entry element BUILT ENVIRONMENT
856 40 - ELECTRONIC LOCATION AND ACCESS
Uniform Resource Identifier <a href="http: //ec.europa.eu/enterprise/sectors/construction/files/qualification-and-skills/final-report-july-2009_en.pdf">http: //ec.europa.eu/enterprise/sectors/construction/files/qualification-and-skills/final-report-july-2009_en.pdf</a>
Public note View the website free of charge at http://ec.europa.eu/enterprise/sectors/construction/competitiveness/qualification-and-skills_en.htm
942 ## - ADDED ENTRY ELEMENTS (KOHA)
Suppress in OPAC 0
Holdings
Withdrawn status Lost status Source of classification or shelving scheme Damaged status Not for loan Home library Current library Shelving location Date acquired Total Checkouts Full call number Barcode Date last seen Copy number Price effective from Koha item type
    Dewey Decimal Classification     Virtual Virtual Online 09/04/2010   ONLINE PUBLICATION 149690-2001 06/08/2019 1 06/08/2019 Online material